01558nab a22002297a 4500999001500000003000400015005001700019008004100036040000700077100003400084245015300118260007300271300001500344500004500359505059900404505008901003650002901092650001901121650002701140773014801167942001301315 c5520d5520OSt20251210160517.0190604e xxu||||| |||| 00| 0 spa d cPJ aZambrano (h.), Martín9537213aSobre el Procedimiento de Mediación Prejudicial en Materia de Salud y las consecuencias en la judicialización de la salud /cMartín Zambrano. aCiudad Autónoma de Buenos Aires :bThomson Reuters La Ley, c2025. ap. 110-119 aCita Online: TR LALEY AR/DOC/2391/2025.  aSumario: I. La irrupción del dec. 379/2025 frente al panorama desregulatorio en materia de salud.— II. Modificaciones al régimen actual.— III. Procedimiento de mediación prejudicial en materia de salud.— IV. Registro de Mediadores de PROMESA.— V. Participación estatal.— VI. Capacitaciones iniciales y permanentes.— VII. Anexos res. conjunta 1/2025.— VIII. Disp. 41/2025: pautas de actuación y requisitos para mediadores en salud.— IX. Res. 2461/2025 del Ministerio de Salud: directivas para la actuación de los abogados del Estado en el PROMESA.— X. Conclusión. t¿Te interesa el texto completo? Solicitalo al correo: koha@justierradelfuego.gov.ar 091253aDERECHO A LA SALUD 09269aMEDIACION 093273aMEDICINA PREPAGA0 0271493171dCiudad Autónoma de Buenos Aires : Thomson Reuters La Ley, 2014-tRevista anales de legislación argentina. Nº 10- Octubre 2025. 2udccANA